000 00761nam a2200217Ia 4500
008 130821s2004 enka gr eng
020 _a0 262 19515 1
040 _aCo-BoUCM
_bspa
041 0 0 _aeng
100 1 _aScotchmer, Suzanne.
_9169659
245 1 0 _aInnovation and incentives
_cSuzanne Scotchmer
260 _aCambridge (Inglaterra)
_bMIT Press
_c2004
300 _axi, 357 páginas
_bilustraciones, gráficas
504 _aIncluye referencias bibliográficas e índices.
650 _aEconomía
_9174
650 _aInvestigación
_xAspectos económicos
_917968
650 _aInvestigación
_xFinanzas
_988590
650 _aPropiedad intelectual
_922585
942 _a7
_e1
_kR
_mS424i
_cLIBRO
_2DEWEY
_h338.064
999 _c77132
_d77132